000 00617nam a2200181Ia 4500
008 090124s9999 xx 000 0 und d
082 _b37675
100 _aकीर गिरिजा
245 _a गोष्टी तुमच्या-माझ्या
250 _a1
260 _bसंध्या चिटणीस
_c2001
300 _a169
600 _aकीर गिरिजा
630 _a गोष्टी तुमच्या-माझ्या
700 _aकीर गिरिजा
730 _a गोष्टी तुमच्या-माझ्या
942 _cBOOK
999 _c103656
_d103656